000 01519nam a2200337 a 4500
999 _c1538
_d1538
007 ta
008 800401r19781992xxk g i100 0 eng d
020 _a9280110853
040 _aKO
_beng
041 0 _aeng
044 _axxk
082 0 0 _223
_a623.88071
_bIn821
111 2 _aInternational Conference on Training and Certification of Seafarers
_d(1978 :
_cLondon, England)
245 1 0 _aInternational Conference on Training and Certification of Seafarers, 1978 :
_bfinal act of the conference, with attachments, including the International convention on standards of training, certification, and watchkeeping for seafarers, 1978.
260 _aLondon :
_bInternational Maritime Organization,
_c1978, reprinted 1992
300 _aiv, 146 p. ;
_c24 cm.
500 _aSpine title: Training and certification of seafarers.
500 _aConference convened by the Intergovernmental Maritime Consultative Organization in association with the International Labour Organisation.
650 0 _aMerchant marine
_xOfficers
650 0 _aMerchant mariners
_xCertification
650 0 _aSeamanship
_xStudy and teaching
650 0 _aMerchant marine
_xWatch duty
710 2 _aInternational Maritime Organization
710 2 _aInternational Labour Organisation
730 0 _aInternational Convention on Standards of Training, Certification, and Watchkeeping for Seafarers
_d(1978)
740 0 _aTraining and certification of seafarers.
904 _aRUDRA_R
905 _aR_RANJAN
942 _2ddc
_cBK